[Event "Bad Endbach"]
[Site "Bad Endbach"]
[Date "1995.??.??"]
[Round "?"]
[White "Lau, Ralf"]
[Black "Wahls, Matthias"]
[Result "0-1"]
[WhiteElo "2490"]
[BlackElo "2555"]
[Annotator "Baburin,A"]
[PlyCount "72"]
[EventDate "1995.04.??"]
[EventType "tourn"]
[EventRounds "11"]
[EventCountry "GER"]
[EventCategory "11"]
[SourceTitle "CBM 047"]
[Source "ChessBase"]
[SourceDate "1995.08.01"]
[SourceVersion "1"]
[SourceVersionDate "1995.08.01"]
[SourceQuality "1"]

1. e4 c5 2. Nf3 d6 3. d4 cxd4 4. Nxd4 Nf6 5. Nc3 a6 6. Be2 e5 7. Nb3 Be7 8. O-O
O-O 9. a4 Be6 10. f4 exf4 11. Bxf4 Nc6 12. Kh1 Rc8 13. Nd4 Nxd4 14. Qxd4 Ne8 {
Black protects the d6-pawn and prepares Be7-f6-e5. Usually Black's aim in this
line is to get a superior Knight on e5 vs bad Bishop on e2 (after Nd5, Bxd5;
exd), which actually happened in this game as well.} 15. Bd3 Bf6 16. Qb4 Qc7
17. a5 Be5 18. Nd5 Bxd5 19. exd5 g6 20. Ra4 f5 21. Qb3 Bxf4 22. Rc4 Qd7 23.
Rxc8 Qxc8 24. Rxf4 Nf6 25. Qb6 Qd7 26. h3 Re8 27. Kh2 Qe7 28. Qd4 Nd7 29. b4
Qe1 30. Qf2 Qxf2 31. Rxf2 Ne5 32. Bf1 Rc8 33. Kg1 Kg7 34. Rd2 Kf6 35. Kf2 g5
36. Re2 Rc4 (36... Rc4 37. Rxe5 $2 Rf4+ $19) 0-1

[Event "Petrov Memorial op"]
[Site "St Petersburg"]
[Date "1996.??.??"]
[Round "7"]
[White "Asrian, Karen"]
[Black "Vaulin, Alexander"]
[Result "0-1"]
[WhiteElo "2310"]
[BlackElo "2480"]
[Annotator "Baburin,A"]
[PlyCount "117"]
[EventDate "1996.02.??"]
[EventType "swiss"]
[EventRounds "9"]
[EventCountry "RUS"]
[SourceTitle "CBM 052"]
[Source "ChessBase"]
[SourceDate "1996.06.01"]
[SourceVersion "1"]
[SourceVersionDate "1996.06.01"]
[SourceQuality "1"]

1. e4 c5 2. Nf3 d6 3. d4 cxd4 4. Nxd4 Nf6 5. Nc3 a6 6. Be2 e5 7. Nb3 Be7 8. O-O
Be6 9. Be3 Nbd7 10. a4 Rc8 11. f3 O-O 12. a5 Qc7 13. Qd2 Rfd8 14. Rfd1 d5 $1 {
[#] Here this thematic move is possible due to some tactical features of the
position, such as X-rays of the d8-Rook.} 15. exd5 Nxd5 16. Nxd5 Bxd5 17. Qxd5
Nf6 18. Qc4 Rxd1+ 19. Rxd1 Qxc4 20. Bxc4 Rxc4 21. c3 {In this endgame Black is
doing well. The a5-pawn can become a target and tie the white Knight down.} Kf8
22. Kf1 Ke8 23. Ke2 Nd7 24. g3 f5 25. Rd5 g6 26. Nc1 e4 27. Bd4 Nf6 28. Bxf6
Bxf6 29. Nb3 exf3+ 30. Kf2 Ra4 31. Kxf3 Ra2 32. Rd2 Bg5 33. Re2+ Kd7 34. Nc5+
Kc6 35. Ne6 Be7 36. Nd4+ Kd7 37. b4 Ra1 38. Rd2 Kc8 39. Ne2 Kc7 40. Rd3 Ra2 41.
h3 Bd6 42. Nd4 Kd7 43. Nb3 Ke6 44. Re3+ Kf6 45. Rd3 Be7 46. Nd2 Rc2 47. Nc4 Rc1
48. Nb6 Ke6 49. Re3+ Kf7 50. Rd3 Bf6 51. c4 Ke6 52. c5 Rc3 53. Ke2 Rxd3 54.
Kxd3 Be5 55. g4 fxg4 56. hxg4 h5 57. gxh5 gxh5 58. Ke4 h4 59. c6 0-1

[Event "Parnu-B"]
[Site "Parnu"]
[Date "1996.02.03"]
[Round "2"]
[White "Sepp, Olav"]
[Black "Epishin, Vladimir"]
[Result "0-1"]
[WhiteElo "2440"]
[BlackElo "2645"]
[Annotator "Baburin,A"]
[PlyCount "88"]
[EventDate "1996.02.??"]
[EventType "tourn"]
[EventRounds "9"]
[EventCountry "EST"]
[EventCategory "10"]
[SourceTitle "CBM 052"]
[Source "ChessBase"]
[SourceDate "1996.06.01"]
[SourceVersion "1"]
[SourceVersionDate "1996.06.01"]
[SourceQuality "1"]

1. e4 c5 2. Nf3 d6 3. d4 cxd4 4. Nxd4 Nf6 5. Nc3 a6 6. Be2 e5 7. Nb3 Be7 8. O-O
O-O 9. Kh1 Be6 10. f4 Qc7 11. a4 Nbd7 12. f5 Bc4 13. Bxc4 Qxc4 14. Nd2 (14. Qd3
$5) 14... Qc6 15. Qe2 Rac8 16. a5 d5 $1 {[#] All Black's pieces and his dark
squared Bishop in particular get freedom after this move, while the e5-pawn
becomes a protected passed pawn later.} 17. exd5 Nxd5 18. Nxd5 Qxd5 19. c4 Qd4
20. Ra2 Nc5 21. b3 Rfd8 22. Ba3 f6 23. Rf3 Rc7 24. Nf1 Qd1 25. Bxc5 Bxc5 26. h3
Rcd7 27. Kh2 Qxe2 28. Rxe2 Rd3 29. Rxd3 Rxd3 30. b4 Bxb4 31. Rb2 Bc3 32. Rxb7
e4 33. Rb8+ Kf7 34. Rb7+ Kf8 35. Rb8+ Ke7 36. Rb7+ Kd6 37. Rxg7 e3 38. Nxe3
Rxe3 39. Ra7 Be5+ 40. g3 Rxg3 41. Rxa6+ Kc5 42. Re6 Ra3+ 43. Kg2 Kxc4 44. a6
Kd5 0-1

[Event "DEN-ch"]
[Site "Denmark"]
[Date "1996.??.??"]
[Round "9"]
[White "Hansen, Sune Berg"]
[Black "Mortensen, Erling"]
[Result "1-0"]
[WhiteElo "2495"]
[BlackElo "2430"]
[Annotator "Baburin,A"]
[PlyCount "75"]
[EventDate "1996.??.??"]
[EventType "tourn"]
[EventRounds "9"]
[EventCountry "DEN"]
[EventCategory "9"]
[SourceTitle "CBM 053"]
[Source "ChessBase"]
[SourceDate "1996.08.01"]
[SourceVersion "1"]
[SourceVersionDate "1996.08.01"]
[SourceQuality "1"]

{So far we've been looking at games where a rook often proved to be superior
over two minor pieces, particularly in the endgame. Let us now examine the
opposite case - where two minor pieces are better than a rook. As I mentioned
in the introduction assessment of every particular endgame of this kind
depends on a number of factors, e. g. the existence of two bishops and/or
passed pawns, presence of pawn weaknesses, etc.} 1. e4 c5 2. Nf3 d6 3. d4 cxd4
4. Nxd4 Nf6 5. Nc3 a6 6. Be2 e5 7. Nb3 Be7 8. O-O O-O 9. Kh1 Nc6 10. f4 exf4
11. Bxf4 Be6 12. Nd4 Nxd4 13. Qxd4 Qc7 14. Rad1 Rad8 15. Rd2 Rd7 16. Rfd1 Rb8
17. a4 Rc8 18. Qe3 Qc5 19. Qxc5 dxc5 20. e5 Rxd2 21. Rxd2 Nd7 22. Bf3 Rb8 23.
Rxd7 $1 Bxd7 24. e6 {[#] Here we have a case when White is really WINNING two
minor pieces for a rook & pawn, as his two bishops and knight are extremely
active in this endgame and dominate the rook.} Rd8 25. exd7 Rxd7 26. Nd5 Bd6
27. Bg5 $1 {The bishops MUST be kept on the board!} b5 {After this move the
rook is in trouble, but t's hard to suggest something better for Black.} (27...
f6 $2 28. Bxf6 $1 $18) 28. Nb6 Rc7 (28... Ra7 29. Nc8 Rd7 30. Bg4 $18) 29. Bd8
Ra7 30. Bc6 $1 Be7 31. Nc8 Bxd8 32. Nxa7 bxa4 33. Bxa4 Kf8 34. Nc6 Bc7 35. h3
h5 36. Kg1 g5 37. g4 hxg4 38. hxg4 1-0

[Event "Nikolaev zt"]
[Site "Nikolaev"]
[Date "1995.??.??"]
[Round "7"]
[White "Kruppa, Yuri"]
[Black "Guliev, Logman"]
[Result "1-0"]
[WhiteElo "2555"]
[BlackElo "2345"]
[Annotator "Baburin,A"]
[PlyCount "97"]
[EventDate "1995.03.??"]
[EventType "swiss"]
[EventRounds "11"]
[EventCountry "UKR"]
[SourceTitle "CBM 047"]
[Source "ChessBase"]
[SourceDate "1995.08.01"]
[SourceVersion "1"]
[SourceVersionDate "1995.08.01"]
[SourceQuality "1"]

1. e4 c5 2. Nf3 d6 3. d4 cxd4 4. Nxd4 Nf6 5. Nc3 a6 6. Be2 e5 7. Nb3 Be7 8. Be3
Be6 9. O-O O-O 10. Qd2 Nbd7 11. a4 Nb6 12. a5 Nc4 13. Bxc4 Bxc4 14. Rfd1 h6 {
[#] This is a typical position for the Najdorf variation with 6.Be2 e5, White 
tries to occupy the d5-square, while Black should prevent it. Karpov and
Geller played many exellent games, from White's side in this line.} 15. Nc1 $1
{This manouevre is characteristic for such positions - the Knight leaves the
inefficient position on b3 (Dr. Tarrasch would be glad!) and aims for the
d5-square after Nb3-c1-a2-b4-d5!} Qc8 16. Nd3 Be6 17. f3 Rd8 18. Na4 $1 {
To gain control over the c8-square.} Qc6 19. Nb6 Rab8 20. c4 Qe8 21. Nb4 Nd7
22. N6d5 Nc5 23. Qc2 Bg5 24. Bf2 $1 {The Black's Bishop on g5 will do nothing
in particular, so White should not swap the Bishops.} Bd7 25. Nb6 Bc6 26. Kh1
Ne6 27. N4d5 {[#] White has established a total control over the central
outpost and is ready to start advancing his pawns on the Q-side.} Nf4 28. Ne3
g6 29. Ned5 Kg7 30. Ra3 Nxd5 31. exd5 Bd7 32. b4 f5 33. c5 Bb5 34. Rc3 Rbc8 35.
Nxc8 Ba4 36. Nxd6 Rxd6 37. Qb1 Rd8 38. d6 Bxd1 39. Qxd1 $18 Qb5 40. Qd5 Bf6 41.
Rd3 Qc6 42. Qc4 e4 43. fxe4 fxe4 44. Rd1 h5 45. Bd4 Bxd4 46. Qxd4+ Kh7 47. Rf1
Rd7 48. h3 Qb5 49. Rf8 1-0

[Event "Warsaw Najdorf Memorial"]
[Site "Warsaw"]
[Date "2008.08.07"]
[Round "6"]
[White "Socko, Bartosz"]
[Black "Berg, Emanuel"]
[Result "1/2-1/2"]
[WhiteElo "2627"]
[BlackElo "2592"]
[Annotator "Berg,E"]
[PlyCount "71"]
[EventDate "2008.08.02"]
[EventType "tourn"]
[EventRounds "9"]
[EventCountry "POL"]
[EventCategory "15"]
[SourceTitle "CBM 126"]
[Source "ChessBase"]
[SourceDate "2008.10.01"]
[SourceVersion "1"]
[SourceVersionDate "2008.10.01"]
[SourceQuality "1"]

1. e4 c5 2. Nf3 d6 3. d4 cxd4 4. Nxd4 Nf6 5. Nc3 a6 6. Be2 e5 7. Nb3 Be7 8. O-O
O-O 9. Kh1 Nc6 {An interesting alternative to the more popular} (9... b6) 10.
f3 {A solid move. White overprotects the e4 pawn and plans to play Nd5.} (10.
f4 {is played more often, when Black can answer with} b5 {preparing ...Bb7 and
put pressure on the e4 pawn.}) 10... Be6 11. Nd5 a5 $1 {This move is
recommended in the book "The Sharpest Sicilian" by Georgiev and Kolev. As
White now has left c3 with his knight there is no good way to protect against .
..a4.} ({When I faced this position for the first time, just about a month
earlier in the Swedish Championship against Erik Hedman I continued with} 11...
Bxd5 12. exd5 Nb4 13. c4 b5 {which also is interesting, but I like the game
continuation better.}) 12. Be3 ({White can prevent Black's plan by playing} 12.
a4 $2 {himself. But this is bad in view of} Bxd5 13. exd5 Nb4 14. c4 b6 {
and Black has full control over the dark squares as Whites has weakened the
b4-square.}) ({Black is also completely fine after} 12. Nxe7+ Qxe7 13. Bg5 h6
14. Bh4 a4 15. Nd2 d5 16. exd5 Bxd5 {as in 1/2-1/2 Short,N-Svidler,P/Wijk aan
Zee 2005/CBM 105 (36)}) ({Black had a good game after} 12. c3 a4 13. Nxf6+ Bxf6
14. Nd2 Ne7 15. Nc4 d5 16. Ne3 a3 17. bxa3 d4 18. Ng4 Bxg4 19. fxg4 Nc6 $44 {
0-1 Tseshkovsky,V-Akopian,V/Moscow 2005/CBM 106 (40). with good dark square
control.}) 12... a4 13. Nc1 Bxd5 14. exd5 Nd4 $5 {A positional pawn sacrifice.
This might look like just giving up a pawn for free, but Black gets long term
compensation in his dark square control while White is struggling with his
piece coordination.} 15. Bxd4 exd4 16. Qxd4 Nd7 $5 {Black is now threatening ..
.a3 followed by ...Bf6.} (16... Qa5 {has been played more often and is also
the recommendation in the Sharpest Sicilian. However during the game I still
thought I was following the analyses of Kolev. However in practice it does not
matter too much as the general ideas are the same.} 17. Rd1 ({White can also
protect his d5-pawn by} 17. c4 {when after} Nd7 18. Rb1 Bf6 19. Qd1 Rfe8 20.
Bd3 {a draw was agreed in 1/2-1/2 Henrichs,T-Steingrimsson,H/Differdange 2007/
CBM 119 ext}) 17... Nd7 18. Rb1 (18. Nd3 Bf6 19. Qg4 Qc7 20. Rab1 a3 21. bxa3
Rxa3 22. Qb4 Rxa2 23. Qxb7 Rxc2 24. Qxc7 Rxc7 25. f4 Bd4 26. Nb4 Be3 27. g3 {
1/2-1/2 Abashev,D-Pushkarev,D/Ulan Ude 2006/EXT 2008}) 18... Rfe8 (18... Bf6
19. Qf2 Rfc8 20. Bd3 g6 21. a3 Qxd5 22. Ne2 Qc5 23. Qxc5 Nxc5 24. Bb5 Ne6 25.
c3 {1/2-1/2 Bezgodov,A-Sakaev,K/Sochi 2006/CBM 111 ext}) 19. b4 axb3 20. Nxb3
Qc7 21. Qc4 Rec8 22. Qxc7 Rxc7 23. c4 Rxa2 24. Rd2 Rxd2 {1/2-1/2 Adams,
M-Karjakin,S/Wijk aan Zee 2006/CBM 111}) 17. Rb1 Bf6 18. Qd2 $146 ({The
alternative was} 18. Qb4 {when Black can play} Qb6 ({During the game I
intended to play} 18... Qc7 {which also looks reasonable.}) 19. Bb5 ({The
queen exchange} 19. Qxb6 {doesn't give White anything after} Nxb6 20. Rd1 Ra5
21. c4 Rc8 22. b3 axb3 23. axb3 g6 {Black has full compensation for the
sacrificed pawn. He controls the open a-file, has a strong bishop on f6 and
good dark square control.}) 19... Ne5 20. b3 Rfc8 21. c4 {Here the players
agreed a draw in 1/2-1/2 Wang Hao-Alekseev,E/Nizhniy Novgorod 2007/CBM 120})
18... Qc7 19. Bd3 {White tries to reorganize his pieces. Here the bishop has a
brigther future and the knight gets a square on e2.} Rfe8 {Black is just
playing simple chess according to general rules and trusts in his long term
dark-squared compensation.} 20. c4 {This protects the d5-pawn and holds the
centre together, but at the same time it's a weakening move. Now the bishop on
f6 becomes an even stronger piece for Black and hits down the diagonal towards
a1.} ({Perhaps it would have been better to play} 20. Ne2 $5 {for a quicker
development and after} Nb6 21. Rfc1 $1 {followed by c4 and White has
coordinated his pieces. Black can stop this by playing} (21. c4 $2 {is bad in
view of} Nxc4 $1 22. Qc2 Rac8 23. Rfc1 Bxb2 $15 {see note to 21.b3}) 21... Nc4
{but after} 22. Qb4 Ne3 23. c4 {the placement of the knight on e3 can be set
to question as it doesn't have any squares to go to.}) 20... Ne5 21. b3 {
Another weakening move, one that does not only weaken the diagonal, but also
opens the a-file for Black. However this move seems necessary as} (21. Ne2 $2 {
falls victim to} Nxc4 22. Qc2 Rac8 23. Rfc1 $2 Bxb2 $1 24. Qxc4 (24. Rxb2 $2
Nxb2 25. Qxb2 Rxe2 $1 $19) (24. Bxh7+ Kh8 25. Bf5 Bxc1 26. Bxc8 Qxc8 27. Rxc1
b5 $15) 24... Bxc1 25. Rxc1 Qxc4 26. Rxc4 Rxc4 27. Bxc4 Rc8 28. Bd3 Rc5 $17 {
and the black rook is clearly stronger than the two minor pieces as White lack
support from his king.}) (21. Qc2 {was also possible, but looks rather passive.
Black has excellent compensation after} g6 22. Ne2 Rac8 23. Rfc1 Qc5 {with
activity and play on the dark squares.}) 21... axb3 22. axb3 g6 {A safety move
that is good to have done before going into action. The bishop can now go back
to g7 when necessary and the h7 pawn will not be under attack after Qc2
anymore.} 23. Ne2 Qa5 $1 {A strong move forcing White to make up his mind
whether to exchange queens or to lose time by retreating his own queen.} ({
A possible alternative was} 23... Nxd3 24. Qxd3 Qb6 $44 {but it didn't feel
right to me exchanging the strong knight on e5.}) 24. Qd1 {This is a bit
passive, but White is planning to play Re1 later and then the queen must
protect the e1-square.} (24. Qxa5 {gives Black a lot of activity after} Rxa5
25. Be4 Bg7 $44 {threatening ...f5 and White is under pressure.} (25... Nd7 $44
)) (24. Qc2 Qb4 $44) 24... Qb4 {From here the queen blocks the b3-pawn nicely
at the same time opening the a-file for the rook that is now ready to enter
the fray on a2.} 25. Ng3 Bg7 {A waiting move, not allowing Ne4 with tempo.
Moreover the immediate} (25... Ra2 $6 {would have been a mistake because of}
26. Qe1 $1 Qxe1 27. Rfxe1 $14 {when White is slightly better.}) 26. Re1 (26.
Rf2 {was another option with the idea to protect against ...Ra2. But Black
simply continues with} Nd7 $44 {with the idea of ..Nc5 and White is still
struggling.}) 26... Ra2 {Threatening ...Rd2.} 27. Re2 Rea8 28. f4 {A further
weakness in the white camp, but the knight on e5 was getting a bit annoying so
it's understandable that White wanted to kick it away from there.} Nd7 {
Now Black threatens to play ...Ra1 with dangerous threats on the first rank.}
29. Rxa2 (29. Ne4 Nf6 $44) 29... Rxa2 {White has managed to exchange one pair
of rooks, but all Black's pieces are still active, while the white ones are
defending. The only thing in White's favour is his extra pawn, which holds the
position in relative balance.} 30. Bf1 {This move indicates that White is
ready to settle for a draw as now Black can easily conquer the b3-pawn by
playing ...Nc5 and exchanging the rooks. Black is slightly better, but its
hard to find a continuation that doesn't allow exchanges which would tend to a
rather drawish position because of the opposite coloured bishops.} Nc5 31. Qf3
Ra1 {Forcing the rook exchange and winning back the b3-pawn. Unfortunately
this also means that the positions turns out to be rather drawish as Black by
this exchange loses a lot of his activity.} ({An interesting winning atempt
would have been} 31... f5 {in order to restrict White's minor pieces from good
squares, but during the game I thought} 32. Qe3 {would give White a lot of
counterplay. However this doesn't seem to be true as after} Ra8 {Black is well
protected and can play on without taking any risks.} 33. Qe7 (33. Ne2 Ne4 $15)
33... Bf8 34. Qe3 Bh6 $1 {Attacking the f4-pawn so as not to allow Re1.} 35.
Ne2 ({After} 35. h4 $6 Kf7 {Black will get the e-file as now} 36. Re1 $2 {
can be met by} Bxf4 $1 $17) 35... Ne4 36. g3 Bg7 {followed by ...Re8 with good
play for Black.}) ({Another interesting option was} 31... Bd4 $5 32. Ne4 (32.
h4 f5 $1 $15) (32. Ne2 Ra1 33. Rxa1 Bxa1 $15 {is an improved version of what
happened in the game.}) 32... Nxe4 33. Qxe4 Qd2 $36 {with initiative for Black.
}) 32. Rxa1 Bxa1 33. Qe3 ({After} 33. Ne4 Nxe4 34. Qxe4 Qxb3 $36 {Black still
has a slight initiative allthough a draw is the most likely result.}) 33... Bg7
(33... Kf8 34. f5 Qxb3 35. Qxb3 (35. Qh6+ Kg8 $15) 35... Nxb3 36. Ne4 Be5 37.
fxg6 hxg6 38. g4 $11) 34. h4 Kf8 {Black protects the entrance squares for the
white queen before picking up the b3-pawn.} 35. h5 (35. Ne4 Nxe4 36. Qxe4 Qxb3
37. c5 $2 {doesn't work in view of} dxc5 38. d6 Bf6 $17 {and the d-pawn is
under control.}) 35... Qxb3 {After this move the draw is a fact.} ({Stronger
was} 35... f5 $1 {when Black maintains some winning chances e.g.} 36. hxg6 hxg6
37. Be2 Qe1+ 38. Kh2 Bc3 $15 {And White is still put under pressure.}) 36. Qxb3
{Here my opponent offered a draw which I eventually accepted. There is not
much to play for after} (36. Qxb3 Nxb3 37. hxg6 hxg6 38. Ne4 Ke7 39. g4 $11)
1/2-1/2

[Event "EU-ch (Women) 17th"]
[Site "Mamaia"]
[Date "2016.06.03"]
[Round "7"]
[White "Pogonina, Natalija"]
[Black "Brunello, Marina"]
[Result "1-0"]
[WhiteElo "2490"]
[BlackElo "2336"]
[Annotator "Besenthal,K"]
[PlyCount "65"]
[EventDate "2016.05.27"]
[EventType "swiss"]
[EventRounds "11"]
[EventCountry "ROU"]
[SourceTitle "CBM 172 Extra"]
[Source "ChessBase"]
[SourceDate "2016.06.21"]
[SourceVersion "1"]
[SourceVersionDate "2016.06.21"]
[SourceQuality "1"]
[WhiteClock "0:19:45"]
[BlackClock "0:10:47"]

1. e4 c5 2. Nf3 d6 3. d4 cxd4 4. Nxd4 Nf6 5. Nc3 a6 6. Be2 e5 7. Nb3 Be7 8. Be3
Be6 9. Nd5 Nxd5 10. exd5 Bf5 11. O-O O-O 12. Qd2 Nd7 13. Na5 Qc7 14. c4 Bd8 15.
b4 {Diagramm [#]} Qb8 ({Nach} 15... Nf6 {hätte} 16. c5 {wegen} Ne4 {noch
nicht richtig funktioniert.}) 16. Nb3 b6 {Im Moment ist es noch kaum zu
glauben, dass der weiße Springer es sich recht bald schon auf c6 gemütlich
machen wird.} (16... Nf6 {kam in Frage.}) 17. f4 exf4 $6 (17... Be4 $1) 18.
Bxf4 Bg6 19. Rac1 Be7 20. Kh1 Qd8 21. Nd4 Nf6 22. Nc6 {Diagramm [#] Weiß hat
jetzt deutlichen Vorteil.} Qd7 23. Qd4 Rfe8 24. Qxb6 Bd8 25. Qf2 Ne4 26. Qg1
Bf6 27. Bf3 Ng5 28. Bxg5 Bxg5 29. Rc3 Bd2 30. Ra3 Qf5 $2 31. b5 axb5 $4 (31...
a5) 32. Rxa8 Rxa8 33. Ne7+ 1-0